Roundtable Strategies To Address "Crimes Of Honour": (Record no. 482)

MARC details
000 -LEADER
fixed length control field 005430000a22001810004500
005 - DATE AND TIME OF LATEST TRANSACTION
control field 20240212092825.0
008 - FIXED-LENGTH DATA ELEMENTS--GENERAL INFORMATION
fixed length control field 230817t2001 ||||| |||| 00| 0 eng d
082 ## - DEWEY DECIMAL CLASSIFICATION NUMBER
Classification number 362.8292
Item number CEN
942 ## - ADDED ENTRY ELEMENTS (KOHA)
Item Type Reports
110 ## - MAIN ENTRY--CORPORATE NAME
Corporate Name The Centre of Islamic and Middle Eastern Law (CIMEL)
245 ## - TITLE STATEMENT
Title Roundtable Strategies To Address "Crimes Of Honour":
Sub Title Summary Report
260 ## - PUBLICATION, DISTRIBUTION, ETC. (IMPRINT)
Place of Publication London:
Name of Publisher WLUML,
Date of Copyright 2001
300 ## - PHYSICAL DESCRIPTION
Extent 33 p.
440 ## - SERIES STATEMENT/ADDED ENTRY--TITLE
Title WLUML occasional paper
Volume 12
650 ## - SUBJECT ADDED ENTRY--TOPICAL TERM
Topical Term Honour Killings
650 ## - SUBJECT ADDED ENTRY--TOPICAL TERM
Topical Term Violence Against Women
650 ## - SUBJECT ADDED ENTRY--TOPICAL TERM
Topical Term Family violence
Holdings
Withdrawn status Lost status Source of classification or shelving scheme Damaged status Not for loan Permanent location Current location Date acquired Total Checkouts Full call number Barcode Date last seen Price effective from Koha item type
    Dewey Decimal Classification     Resource center, Muslim Women's Research And Action Forum Resource center, Muslim Women's Research And Action Forum 2023-08-17   362.8292 CEN RAF4046 2023-08-17 2023-08-17 Books

Copyright © 2023 Muslim Women's Research and Action Forum (MWRAF), No 27/3, Anderson Road, Kalubowila, Dehiwela. Funded by The Asia Fundation